000
00277nam a22000977a 4500
008
230822b |||||||| |||| 00| 0 eng d
040
_a
National Science Library
_c
National Science Library
245
_a
Textile horizons
260
_a
Scotland:
_b
Todd & Duncan Ltd.,
942
_c
CR
999
_c
59337
_d
59337